| 000 | 00712nam a22002297a 4500 | ||
|---|---|---|---|
| 003 | UA-OsUOA | ||
| 001 | 131109 | ||
| 007 | ta | ||
| 008 | 20180522b un ||||| |||| 00| 0 ukr d | ||
| 100 | _aВасилевич А. П. | ||
| 090 |
_a81'37(4) _bВ19 |
||
| 942 | _cBK | ||
| 040 |
_aUA-OsUOA _brus _cUA-OsUOA _dUA-OsUOA |
||
| 245 | _aИсследование лексики в психолингвистическом эксперименте | ||
| 300 | _a140 с. | ||
| 955 | _a1 | ||
| 041 | _arus | ||
| 080 | _a81'37(4) | ||
| 260 |
_aМ. _bНаука _c1987 |
||
| 650 | 7 |
_a8 Мовознавство. Художня література. Літературознавство _2UDC |
|
| 999 |
_c419225 _d419225 |
||